000 00504nam a2200181Ia 4500
003 LK-CoDNM
008 010623t1968 xxu||||| |||| 00| 1 sin d
040 _aLK-CoDNM
_dLK-CoDNM
_eLK-CoDNM
041 _asin
080 _a8 C-2
_bRAN
100 _aRanwala, Layanal
245 _aනොගිය ගමන හා තවත් නාට්‍ය
246 _aNogiya gamana haa thavath natya
260 _bM.D.Gunasena
_aColombo
_c1968
300 _b(vii)121, 18.5 cm
650 _aDrama
942 _cBK
999 _c107643
_d107643